Sports Quiz

Random Sports or NBA Quiz

NBA: Worst Plus/Minus in a Season in the Last 10 Years Quiz Stats

 Plays Quiz not verified by Sporcle

Score 0/50 Timer 10:00
0 Plays Today
Year/Team Player % Correct
2015-16/LALKobe Bryant
85.5%
2007-08/SEAKevin Durant
69.5%
2008-09/OKCKevin Durant
69.3%
2015-16/LALD'Angelo Russell
67.6%
2013-14/PHIThaddeus Young
59.1%
2015-16/LALJulius Randle
58%
2015-16/LALJordan Clarkson
54.6%
2011-12/CHAKemba Walker
50.2%
2012-13/CHAKemba Walker
50%
2013-14/PHIMichael Carter-Williams
48.5%
2014-15/MINAndrew Wiggins
47.9%
2007-08/MINAl Jefferson
46.2%
2009-10/MINAl Jefferson
46.2%
2009-10/NJNBrook Lopez
43.2%
2015-16/PHIJahlil Okafor
42.5%
2015-16/PHINerlens Noel
42.5%
2007-08/MIARicky Davis
42.4%
2007-08/MEMRudy Gay
41.7%
2008-09/MEMRudy Gay
41.7%
2010-11/WASJohn Wall
40.5%
2008-09/WASAntawn Jamison
36.9%
2015-16/LALRoy Hibbert
34.3%
2007-08/SEAJeff Green
33.3%
2009-10/NJNDevin Harris
31.1%
2014-15/MINZach LaVine
28.2%
Year/Team Player % Correct
2011-12/CHAGerald Henderson
26.9%
2008-09/LACEric Gordon
25%
2012-13/CHABen Gordon
25%
2013-14/UTAEnes Kanter
24.2%
2008-09/SACSpencer Hawes
23.1%
2013-14/PHI-CLESpencer Hawes
23.1%
2013-14/MILBrandon Knight
22.5%
2009-10/MINJonny Flynn
21.2%
2009-10/MINCorey Brewer
21.2%
2013-14/PHITony Wroten
18.9%
2013-14/PHIJames Anderson
18.6%
2008-09/SAC-CHIJohn Salmons
15.7%
2011-12/CHABismack Biyombo
15.5%
2013-14/LALJodie Meeks
13.3%
2008-09/LACAl Thornton
12.9%
2010-11/CLERamon Sessions
10.6%
2015-16/PHIIsaiah Canaan
9.2%
2010-11/CLEJ.J. Hickson
9.1%
2012-13/ORLMaurice Harkless
9.1%
2007-08/SEAEarl Watson
8.7%
2015-16/PHIJerami Grant
7.2%
2007-08/LACCuttino Mobley
6.8%
2007-08/SEADamien Wilkins
5.3%
2008-09/SACFrancisco Garcia
4.2%
2007-08/MEMHakim Warrick
3.8%

You're not logged in!

Compare scores with friends on all Sporcle quizzes.
OR
Log In

You Might Also Like...

Show Comments

Extras

Top Quizzes Today


Score Distribution

Your Account Isn't Verified!

In order to create a playlist on Sporcle, you need to verify the email address you used during registration. Go to your Sporcle Settings to finish the process.

Report this User

Report this user for behavior that violates our Community Guidelines.

Details: